Peregrinaciones de una paria /

Bibliographic Details
Main Author: Tristan, Flora, 1803-1844
Other Authors: Romero, Emilia, Basadre, Jorge, 1903-1980
Format: Book
Language:Spanish
Published: Palma de Mallorca : José J. de Olañeta, [2003]
Series:Terra incógnita (Palma de Mallorca, Spain) ; 50.
Subjects:

MARC

Tag First Indicator Second Indicator Subfields
LEADER 00000cam a2200000Ia 4500
001 in00002016539
005 20151031152417.0
008 030402r20031946sp b 000 0 spa d
020 |a 849716296X 
029 0 |a PL#  |b 849716296X 
035 |a (OCoLC)ocm51976802 
040 |a PL#  |c PL#  |d UNAMX  |d XII  |d UtOrBLW 
041 1 |a spa  |h fre 
043 |a s-pe--- 
049 |a TXAM 
050 1 4 |a F3423  |b .T7518 2003 
090 |a F3423  |b .T8318 2003 
100 1 |a Tristan, Flora,  |d 1803-1844. 
240 1 0 |a Pérégrinations d'une paria.  |l Spanish 
245 1 0 |a Peregrinaciones de una paria /  |c Flora Tristán ; traducción y notas de Emilia Romero ; prólogo de Jorge Basadre. 
264 1 |a Palma de Mallorca :  |b José J. de Olañeta,  |c [2003] 
264 4 |c ©2003 
300 |a xxiii, 444 pages :  |b 1 illustration ;  |c 21cm. 
336 |a text  |b txt  |2 rdacontent 
337 |a unmediated  |b n  |2 rdamedia 
338 |a volume  |b nc  |2 rdacarrier 
490 1 |a Terra incógnita ;  |v 50 
500 |a Título original: Les pérégrinations d'une paria. 
504 |a Includes bibliographical references. 
500 |a Facsimile reprint. Originally published: Lima : Editorial Cultura Antártica, 1946. 
600 1 0 |a Tristan, Flora,  |d 1803-1844. 
651 0 |a Peru  |x Description and travel. 
651 0 |a Peru  |x Social life and customs. 
700 1 |a Romero, Emilia. 
700 1 |a Basadre, Jorge,  |d 1903-1980. 
830 0 |a Terra incógnita (Palma de Mallorca, Spain) ;  |v 50. 
938 |a Puvill Libros  |b PUVL  |n 849716296X  |c $22.83 
948 |a cataloged  |b cmulkey  |c 2004/12/13  |d 12:16:00 pm 
994 |a C0  |b TXA 
948 |a cataloged  |b h  |c 2006/3/15  |d c  |e nbehmer  |f 12:23:43 pm 
999 |a MARS 
999 f f |s cf4c4e96-7a24-3daf-855d-b204e6fcca09  |i 8b9c5514-2df4-3775-897f-2df287af39c3  |t 0 
952 f f |p ric  |a Texas A&M University  |b Rellis Campus  |c Joint Library Facility  |d Remote Storage  |t 0  |e F3423 .T8318 2003  |h Library of Congress classification  |i unmediated -- volume  |m A14831657112 
998 f f |a F3423 .T8318 2003  |t 0  |l Remote Storage